Les enseignes des grands groupes de distribution - Statistiques

Statistiques générales
  • Ce quiz a été pris 175 fois
  • Le résultat moyen est 15 sur 37
Statistiques - réponses
Taille Initiales AUCHAN % Correct
Carrefour Hypermarché C Carrefour
97%
Auchan Hypermarché A Auchan
93%
Carrefour Supermarché CM Carrefour Market
90%
U Supermarché SU Super U
86%
U Hypermarché HU Hyper U
82%
Carrefour Bio CB Carrefour Bio
71%
Casino Hypermarché GC Géant Casino
69%
Carrefour Proximité CC Carrefour City
63%
Auchan Bio AB Auchan Bio
54%
Intermarché Hypermarché IH Intermarché Hyper
53%
Intermarché Hard-discount N Netto
53%
Intermarché Supermarché IS Intermarché Super
52%
U Proximité UE U Express
49%
Carrefour Proximité CC Carrefour Contact
48%
Carrefour Proximité CE Carrefour Express
46%
Cora Hypermarché C Cora
44%
Casino Supermarché CS Casino Supermarché
38%
Carrefour Supermarché 8AH 8 à huit
35%
Intermarché Proximité IE Intermarché Express
35%
Auchan Supermarché AS Auchan supermarché
33%
Casino Proximité F Franprix
33%
Casino Hard-discount LP Leader Price
33%
Carrefour Proximité P Proxi
33%
Casino Supermarché M Monoprix
32%
Casino Hypermarché HC Hyper Casino
31%
Intermarché Proximité IC Intermarché Contact
28%
U Proximité U Utile
27%
Casino Proximité V Vival
25%
Casino Proximité PC Petit Casino
24%
Casino Proximité S Spar
21%
Carrefour Proximité CM Carrefour Montagne
19%
Auchan Proximité A2P A2Pas
18%
Cora Supermarché M Match
10%
Casino Proximité CS Casino Shop
8%
Auchan Proximité MA My Auchan
5%
Carrefour Cash & Carry P Promocash
3%
Casino Proximité CS Casino Shopping
2%
Aucun quiz correspondant
Distribution des résultats
% des personnes avec chaque résultat
Percentile par nombre de réponses
Votre historique - résultats
Vous n’avez pas pris ce quiz